000 00621nam a2200169 a 4500
008 120416s1979 ||||||||||||||||| || u
050 _aHD 82 Uni
110 _aUnited States Committee for Economic Development Research and Policy Committee
245 1 0 _aRedefining government's role in the market system
260 _aNew York
_bC. E. D
_c1979
300 _a144p.
350 _a0.00
650 0 _aECONOMIC POLICY
650 0 _aECONOMICS
650 _aECONOMIC RESEARCH
995 _D0.00
_FCBU-MAIN LIBRARY (Kitwe)
_H1
_I0.00
_M1
_UDAMAGED
_ZMain Library Open Access Collection
999 _c55789
_d55789